| 000 | 01535cam a2200433 4500 | ||
|---|---|---|---|
| 999 |
_c23416 _d23416 |
||
| 001 | vtls011747066 | ||
| 005 | 20221010083328.0 | ||
| 008 | 201207s2018 xo g 000 f slo | ||
| 020 |
_a9788056901946 _q(viazané) |
||
| 035 | _a9F555E25-FC52-4B80-85D6-4E43524E0F44 | ||
| 035 | _aurn:nbn:sk:snk-am3ib4b | ||
| 035 | _aurn:nbn:sk:snk-am00dm3p | ||
| 040 |
_aSVKBB _bslo _cSVKBB _dSNK _erda |
||
| 041 | 1 |
_aslo _hswe |
|
| 044 |
_axo _cSK |
||
| 072 | 7 |
_a821.11 _xGermánske literatúry _2konspekt |
|
| 080 |
_a821.113.6-31 _22011 |
||
| 080 |
_a(0:82-312.4) _22011 |
||
| 100 | 1 |
_aMankell, Henning, _d1948-2015 _4aut _4aft _91714 |
|
| 240 | 1 | 4 |
_aDen orolige mannen _lSlovensky |
| 245 | 1 | 0 |
_aNepokojný muž _cHenning Mankell ; zo švédskeho originálu Den orolige mannen ... preložil Jozef Zelizňák |
| 250 | _a3. vydanie | ||
| 264 | 1 |
_aBratislava _bMarenčin PT, spol. s r.o. _c[2018] |
|
| 300 |
_a475 strán _c21 cm |
||
| 336 |
_atext _btxt _2rdacontent |
||
| 337 |
_abez média _bn _2rdamedia |
||
| 338 |
_azväzok _bnc _2rdacarrier |
||
| 490 | 1 | _aSeverský triler | |
| 500 | _aRok vydania podľa NA ISBN | ||
| 500 | _aNa dokumente uvedený rok tretieho vydania 2014, správne má byť 2018 | ||
| 655 | 7 |
_ašvédske romány _2SNKPH _91715 |
|
| 655 | 7 |
_adetektívne romány _2SNKPH _91710 |
|
| 655 | 7 |
_aSwedish fiction _2SNKPHeng _91716 |
|
| 655 | 7 |
_aDetective novels _2SNKPHeng _91711 |
|
| 700 | 1 |
_aZelizňák, Jozef _4trl _91717 |
|
| 958 | _aLX | ||
| 958 | _aUP | ||